000 00683nam a2200289Ia 4500
005 20260324150844.0
008 008 260324s9999 xx 000 0 eng d
020 _a9781003088646
037 _aEBOOK
040 _aCRL
040 _beng
040 _cCRL
041 _2eng
041 _aeng
084 _qCRL
100 _aJames Truslow Adams
_91227848
245 2 _aA History of the American People
245 0 _bVolume 1: To the Civil War
260 _bTaylor and Francis
260 _c1933
365 _a
365 _b255
856 _uhttp://www.taylorfrancis.com/books/9781003088646
942 _cEBOOK
999 _c1838031
_d1838031